The creeds of Christendom : (Record no. 10334)
[ view plain ]
| 000 -LEADER | |
|---|---|
| fixed length control field | 01523cam a2200349Ii 4500 |
| 001 - CONTROL NUMBER | |
| control field | 35179175 |
| 003 - CONTROL NUMBER IDENTIFIER | |
| control field | OSt |
| 005 - DATE AND TIME OF LATEST TRANSACTION | |
| control field | 20210222160221.0 |
| 008 - FIXED-LENGTH DATA ELEMENTS--GENERAL INFORMATION | |
| fixed length control field | 960802r19961931miu b 001 0 eng d |
| 020 ## - INTERNATIONAL STANDARD BOOK NUMBER | |
| International Standard Book Number | 0801082323 (set) |
| 035 ## - SYSTEM CONTROL NUMBER | |
| System control number | tcgc65100 |
| 040 ## - CATALOGING SOURCE | |
| Original cataloging agency | IYU |
| Language of cataloging | eng |
| Description conventions | rda |
| Transcribing agency | IYU |
| Modifying agency | OCL |
| -- | PCJ |
| 050 ## - LIBRARY OF CONGRESS CALL NUMBER | |
| Item number | SCH296C |
| 082 ## - DEWEY DECIMAL CLASSIFICATION NUMBER | |
| Item number | SCH296C |
| 090 ## - LOCALLY ASSIGNED LC-TYPE CALL NUMBER (OCLC); LOCAL CALL NUMBER (RLIN) | |
| Classification number (OCLC) (R) ; Classification number, CALL (RLIN) (NR) | BT990 |
| Local cutter number (OCLC) ; Book number/undivided call number, CALL (RLIN) | .S4 1996 |
| 100 1# - MAIN ENTRY--PERSONAL NAME | |
| Personal name | Schaff, Philip, |
| Dates associated with a name | 1819-1893. |
| Authority record control number or standard number | http://id.loc.gov/authorities/names/n79073670 |
| 245 14 - TITLE STATEMENT | |
| Title | The creeds of Christendom : |
| Remainder of title | with a history and critical notes / |
| Statement of responsibility, etc. | edited by Philip Schaff ; revised by David S. Schaff. |
| 250 ## - EDITION STATEMENT | |
| Edition statement | Sixth edition. |
| 264 #1 - PRODUCTION, PUBLICATION, DISTRIBUTION, MANUFACTURE, AND COPYRIGHT NOTICE | |
| Place of production, publication, distribution, manufacture | Grand Rapids, Mich. : |
| Name of producer, publisher, distributor, manufacturer | Baker Books, |
| Date of production, publication, distribution, manufacture, or copyright notice | 1996. |
| 300 ## - PHYSICAL DESCRIPTION | |
| Extent | 3 volumes ; |
| Dimensions | 23 cm |
| 336 ## - CONTENT TYPE | |
| Content type term | text |
| Content type code | txt |
| Source | rdacontent |
| 337 ## - MEDIA TYPE | |
| Media type term | unmediated |
| Media type code | n |
| Source | rdamedia |
| 338 ## - CARRIER TYPE | |
| Carrier type term | volume |
| Carrier type code | nc |
| Source | rdacarrier |
| 500 ## - GENERAL NOTE | |
| General note | Reprint. Originally published: New York : Harper and Row, 1931. |
| 504 ## - BIBLIOGRAPHY, ETC. NOTE | |
| Bibliography, etc. note | Includes bibliographical references and indexes. |
| 505 0# - FORMATTED CONTENTS NOTE | |
| Formatted contents note | v. 1. The history of creeds -- v. 2. The Greek and Latin creeds, with translations -- v. 3. The evangelical Protestant creeds, with translations. |
| 650 #0 - SUBJECT ADDED ENTRY--TOPICAL TERM | |
| Topical term or geographic name entry element | Creeds. |
| Authority record control number or standard number | http://id.loc.gov/authorities/subjects/sh85033885 |
| 650 #0 - SUBJECT ADDED ENTRY--TOPICAL TERM | |
| Topical term or geographic name entry element | Creeds |
| General subdivision | History and criticism. |
| Authority record control number or standard number | http://id.loc.gov/authorities/subjects/sh90003226 |
| 650 #0 - SUBJECT ADDED ENTRY--TOPICAL TERM | |
| Topical term or geographic name entry element | Church history. |
| Authority record control number or standard number | http://id.loc.gov/authorities/subjects/sh85025619 |
| 700 1# - ADDED ENTRY--PERSONAL NAME | |
| Personal name | Schaff, David S. |
| Fuller form of name | (David Schley), |
| Dates associated with a name | 1852-1941. |
| Authority record control number or standard number | http://id.loc.gov/authorities/names/n86085409 |
| 942 ## - ADDED ENTRY ELEMENTS (KOHA) | |
| Source of classification or shelving scheme | Dewey Decimal Classification |
| Koha item type | Books |
| Withdrawn status | Lost status | Source of classification or shelving scheme | Damaged status | Not for loan | Collection code | Home library | Current library | Shelving location | Date acquired | Serial Enumeration / chronology | Total Checkouts | Full call number | Barcode | Date last seen | Price effective from | Koha item type |
|---|---|---|---|---|---|---|---|---|---|---|---|---|---|---|---|---|
| Dewey Decimal Classification | Not For Loan | Reference | Harvest Mission College | Harvest Mission College | Reference | 23.02.2021 | VOLUME 3/ THE EVANGELICAL PROTESTANT CREEDS | REF 238 SCH296C | 011925 | 23.02.2021 | 23.02.2021 | Reference | ||||
| Dewey Decimal Classification | Not For Loan | Reference | Harvest Mission College | Harvest Mission College | Reference | 23.02.2021 | VOLUME 2/ THE GREEK & LATIN CREEDS | REF 238 SCH296C | 011924 | 23.02.2021 | 23.02.2021 | Reference | ||||
| Dewey Decimal Classification | Not For Loan | Reference | Harvest Mission College | Harvest Mission College | Reference | 23.02.2021 | VOLUME 1/ THE HISTORY OF CREEDS | REF 238 SCH296C | 011923 | 23.02.2021 | 23.02.2021 | Reference |
